MARC

LEADER 00000nam0a2200000 4500
001 367874
005 20231102012028.0
035 |a (RuTPU)RU\TPU\retro\25237 
090 |a 367874 
100 |a 20220324d1980 km y0rusy50 ca 
101 0 |a rus 
102 |a RU 
105 |a a z 001zy 
200 1 |a Пьезомагнитная керамика  |f Л. Н. Сыркин 
205 |a 2-е изд., перераб. и доп. 
210 |a Ленинград  |c Энергия  |d 1980 
215 |a 208 с.  |c ил. 
320 |a Библиогр.: с. 201-203 
606 1 |a Керамика пьезомагнитная  |2 stltpush  |3 (RuTPU)RU\TPU\subj\14280  |9 40721 
610 1 |a магнитоупругие эффекты 
610 1 |a динамические характеристики 
610 1 |a параметры 
610 1 |a измерение 
610 1 |a методы 
610 1 |a поляризованные ферриты 
610 1 |a магнитные свойства 
610 1 |a механические свойства 
610 1 |a использование 
610 1 |a электроакустика 
610 1 |a магнитоупругие эффекты 
675 |a 621.318.13  |v 4 
700 1 |a Сыркин  |b Л. Н.  |g Лев Наумович 
801 1 |a RU  |b 63413507  |c 20220324 
942 |c BK